| 000 | 02112nam a2200337Ia 4500 | ||
|---|---|---|---|
| 001 | CRC0KE12194PDF | ||
| 003 | BD-DhSAU | ||
| 005 | 20151012144306.0 | ||
| 006 | m|||||o||d|||||||| | ||
| 007 | cr|||| | ||
| 008 | 130619s2013 fluad sb 001 0 eng d | ||
| 020 | _a9781439848135 (ebook : PDF) | ||
| 040 |
_aBD-DhSAU _cBD-DhSAU |
||
| 090 | _aQP606.D46 | ||
| 092 |
_a572.8636 _bP348 |
||
| 245 | 0 | 0 |
_aPCR technology _h[electronic resource] : _bcurrent innovations / _cedited by Tania Nolan, Stephen A. Bustin. |
| 250 | _a3rd ed. | ||
| 260 |
_aBoca Raton : _bTaylor & Francis, _c2013. |
||
| 300 |
_axxi, 435 p. : _bill. |
||
| 504 | _aIncludes bibliographical references and index. | ||
| 505 | 0 | _apt. 1. Template preparation -- pt. 2. Reaction components -- pt. 3. Instruments -- pt. 4. Design, optimization, QC, and standardization -- pt. 5. Data analysis -- pt. 6. Applications. | |
| 520 | _a"A technique used to amplify the number of copies of a specific region of DNA, the polymerase chain reaction (PCR) is at the forefront of the dramatic development of biochemistry. This text provides the tools for developing innovative approaches to using this leading technology. It includes theoretical considerations, discussions, and a selection of state-of-the-art techniques for mutation studies, clinical diagnosis, and the detection of food-borne pathogens. This edition also discusses the preparation of PCR experiments, includes examples of analytical PCR divided into qualitative and quantitative applications, and explores preparative methods that address DNA generation for further analysis and in vitro evolution"--Provided by publisher. | ||
| 530 | _aAlso available in print edition. | ||
| 538 | _aMode of access: World Wide Web. | ||
| 650 | 0 |
_aNucleic Acids _xanalysis. |
|
| 655 | 7 |
_aElectronic books. _2lcsh |
|
| 700 | 1 | _aNolan, Tania. | |
| 700 | 1 |
_aBustin, Stephen A., _d1954- |
|
| 776 | 1 | _z9781439848050 (hardcover : alk. paper) | |
| 856 | 4 | 0 |
_uhttp://marc.crcnetbase.com/isbn/9781439848135 _qapplication/PDF |
| 999 |
_c11837 _d11836 |
||